[Event "3rd EIWCh"]
[Site "Varna BUL"]
[Date "2002.05.27"]
[Round "1"]
[White "Hlgatian,G"]
[Black "Dworakowska,J"]
[Result "0-1"]
[WhiteElo "2239"]
[BlackElo "2445"]

1.e4 c5 2.Nf3 d6 3.Bb5+ Nc6 4.O-O Bd7 5.Re1 Nf6 6.c3 a6 7.Bf1 Bg4 8.h3 Bxf3
9.Qxf3 g6 10.Qd1 Bh6 11.Na3 O-O 12.d4 Bxc1 13.Rxc1 cxd4 14.cxd4 Qb6 15.d5 Ne5
16.Qd2 Rfc8 17.Nc4 Nxc4 18.Bxc4 Rc7 19.b3 Rac8 20.e5 dxe5 21.Rxe5 Qd6 22.Rce1 b5
23.Bd3 Rd8 24.Qa5 Rdd7 25.a4 Nxd5 26.axb5 Nf4 27.b6 Rb7 28.Bxa6 Rxb6 29.Bb5 Rdb7
30.Bc4 e6 31.Qa8+ Kg7 32.Qa1 f6 33.R5e4 e5 34.Rd1 Qc6 35.Qb1 Ra7 36.Bf1 Rxb3
37.Qxb3 Qxe4 38.Qb6 Qb7 39.Qd6 Ra2 40.Qd8 Ra7 41.Qe8 Qe7 42.Qb5 Rb7 43.Qa4 Ra7
44.Qc6 Ne6 45.Bc4 Nd4 46.Qd5 Rd7 47.Qg8+ Kh6 48.Ra1 Rd8 49.Qf7 Qxf7 50.Bxf7 Rd7
51.Bc4 Kg5 52.g3 Nf3+ 53.Kg2 e4 54.Be2 Ne5 55.Ra2 Rd4 56.f4+ exf3+ 57.Bxf3 h5
58.h4+ Kf5 59.Be2 Ke4 60.Ba6 Rb4 61.Rf2 Rb6 62.Re2+ Kd5 63.Ra2 Ng4 64.Be2 Nh6
65.Kf2 Nf5 66.Rd2+ Ke5 67.Bd3 Ne7 68.Be2 Rb5 69.Bf3 f5 70.Re2+ Kf6 71.Ra2 f4
72.Ra6+ Kf7 73.gxf4 Rf5 74.Kg2 Rxf4 75.Kg3 Rd4 76.Ra7 Rb4 77.Bd1 Rb6 78.Bc2 Re6
79.Bb1 Kf6 80.Ra3 Rb6 81.Bc2 Rb4 82.Rf3+ Kg7 83.Ra3 Rg4+ 84.Kh3 Nf5 85.Kh2 Rxh4+
86.Kg2 g5 87.Ra7+ Kf6 88.Ra6+ Ke7 89.Bb3 Re4 90.Ba2 Re2+ 91.Kf3 Re1 92.Ra3 Re5  0-1

[Event "3rd EIWCh"]
[Site "Varna BUL"]
[Date "2002.05.27"]
[Round "1"]
[White "Gjergji,R"]
[Black "Calotescu,C"]
[Result "0-1"]
[WhiteElo "2029"]
[BlackElo "2299"]

1.e4 c5 2.Nf3 d6 3.Bb5+ Nd7 4.c3 Nf6 5.d3 a6 6.Ba4 b5 7.Bc2 Bb7 8.O-O g6
9.Be3 Bg7 10.Nbd2 O-O 11.Re1 Qc7 12.Nf1 Rfe8 13.Ng3 Rac8 14.Rc1 e5 15.Qd2 d5
16.Bh6 Bh8 17.Qg5 dxe4 18.dxe4 c4 19.Rcd1 Nc5 20.b4 cxb3 21.axb3 Ne6 22.Qxe5 Qxc3
23.Rc1 Qxe5 24.Nxe5 Nd4  0-1

[Event "3rd EIWCh"]
[Site "Varna BUL"]
[Date "2002.05.29"]
[Round "3"]
[White "Zimina,O"]
[Black "Gaponenko,I"]
[Result "1/2-1/2"]
[WhiteElo "2360"]
[BlackElo "2418"]

1.e4 c5 2.Nf3 d6 3.Bb5+ Nd7 4.d4 Nf6 5.Nc3 a6 6.Bxd7+ Nxd7 7.O-O cxd4 8.Qxd4 e6
9.Re1 Qc7 10.Bg5 f6 11.Be3 Ne5 12.Rad1 Be7 13.Nxe5 dxe5 14.Qd2 b5 15.a3 Bb7
16.f3 Bc6 17.Qf2 a5 18.Bc5 b4 19.axb4 axb4 20.Nd5 Bxd5 21.Bxe7 Qxe7 22.exd5 exd5
23.Rxd5 O-O 24.Red1 Rad8 25.Qd2 Rxd5 26.Qxd5+ Kh8 27.Ra1 h6 28.Kf1 f5 29.Ra8 e4
30.fxe4 fxe4+ 31.Ke2 Rxa8 32.Qxa8+ Kh7 33.Qd5 Qh4 34.h3 Qf4 35.Qd4 Qc1 36.Qxe4+ Kh8
37.Qxb4 Qxc2+ 38.Qd2 Qe4+ 39.Kf2 Qf5+ 40.Kg1 Qb1+ 41.Kh2 Qa2 42.Qd8+ Kh7
43.Qd3+ Kh8 44.b4 Qb2 45.b5 Qe5+ 46.Kg1 Qa1+ 47.Qf1 Qd4+ 48.Kh1 Kg8 49.Qb1 Qb6
50.Qf5 g6 51.Qc8+ Kf7 52.Qa6 Qc5 53.b6 Qc1+ 54.Kh2 Qf4+ 55.Kg1 Qe3+ 56.Kf1 Qc1+
57.Ke2 Qc2+ 58.Ke3 Qc5+ 59.Kd3 Qd5+ 60.Kc3 Qe5+ 61.Kb3 Qe3+ 62.Kb4 Qe1+ 63.Kc5 Qf2+
64.Kd6 Qd4+ 65.Kc7 Ke7 66.Qe2+ Kf7 67.Qf3+ Ke7 68.Qc6 Qd8+ 69.Kb7 Qd3 70.Kb8 Qd8+
71.Kb7 Qd4 72.g3 g5 73.Qxh6 Qa4 74.Kb8 Qe8+ 75.Kb7 Qd7+ 76.Ka8 Qa4+ 77.Kb7 Qd7+
78.Kb8 Qe8+ 79.Kc7 Qd7+ 80.Kb8 Qe8+ 81.Ka7 Qa4+ 82.Kb7  1/2-1/2

[Event "TCh-BIH"]
[Site "Neum BIH"]
[Date "2002.06.02"]
[Round "1"]
[White "Ristic,Nen"]
[Black "Markovic,Miros"]
[Result "1/2-1/2"]
[WhiteElo "2464"]
[BlackElo "2517"]

1.e4 c5 2.Nf3 d6 3.Bb5+ Bd7 4.Bxd7+ Qxd7 5.O-O Nf6 6.Re1 Nc6 7.c3 e6 8.d4 cxd4
9.cxd4 d5 10.e5 Ne4 11.Nbd2 Nxd2 12.Bxd2 Be7 13.Bg5 O-O 14.Bxe7 Qxe7  1/2-1/2

[Event "TCh-BIH"]
[Site "Neum BIH"]
[Date "2002.06.03"]
[Round "2"]
[White "Gavric,M"]
[Black "Palac,M"]
[Result "1/2-1/2"]
[WhiteElo "2380"]
[BlackElo "2574"]

1.e4 c5 2.Nf3 d6 3.Bb5+ Nc6 4.O-O Bd7 5.Re1 Nf6 6.c3 a6 7.Bf1 Bg4 8.d3 e6
9.Nbd2 Be7 10.h3 Bh5 11.a4 Nd7 12.Nc4 O-O 13.Bf4 b5 14.Ne3 Nb6 15.axb5 axb5
16.g4 Bg6 17.Qb3 Qd7 18.Bg2 Na5 19.Qc2 f6 20.Bg3 Bf7 21.h4 e5 22.Nd2 d5 23.Nf5 Rfd8
24.f4 exf4 25.Bxf4 Bf8  1/2-1/2

[Event "FSGM June"]
[Site "Budapest HUN"]
[Date "2002.06.04"]
[Round "4"]
[White "Shirazi,K"]
[Black "Sahovic,D"]
[Result "1-0"]
[WhiteElo "2486"]
[BlackElo "2371"]

1.e4 c5 2.Nf3 d6 3.Bb5+ Bd7 4.c4 a6 5.Bxd7+ Qxd7 6.Nc3 Nc6 7.O-O g6 8.d4 cxd4
9.Nxd4 Bg7 10.Nf3 Nf6 11.Bg5 Rb8 12.h3 O-O 13.Re1 Rfe8 14.c5 b5 15.Bxf6 Bxf6
16.e5 Bg7 17.exd6 exd6 18.Qxd6 Rxe1+ 19.Rxe1 Qxd6 20.cxd6 Rd8 21.Rd1 Bf8
22.d7 Nb8 23.Ne4 Kg7 24.Ne5 f6 25.Rc1 fxe5 26.Rc8 Be7 27.Nc5 Kf7 28.Nb7 Rxd7
29.Rxb8 Rd1+ 30.Kh2 Rd2 31.Ra8 Rxf2 32.Rxa6 Rxb2 33.a3 e4 34.Nd6+ Bxd6+ 35.Rxd6 e3
36.Kg3 Rb3 37.Rb6 e2+ 38.Kf2 Re3 39.Ke1 Rg3 40.Rxb5 Rxg2 41.Rb7+ Kg8 42.Rb3 Kg7
43.a4 Kh6 44.Ra3 Kh5 45.a5 Rg1+ 46.Kxe2 Rc1 47.a6 Rc8 48.Ra4 g5 49.a7 Ra8
50.Kf3 Kg6 51.Ke4 h5 52.Ke5 Kf7 53.Kd6 Kf6 54.Kc6 Kf5 55.Kb7 Re8 56.a8=Q Rxa8
57.Kxa8 g4 58.Ra5+ Kf4 59.Rxh5 g3 60.Rh8 Kf3 61.Rg8  1-0

[Event "3rd EIWCh"]
[Site "Varna BUL"]
[Date "2002.06.04"]
[Round "8"]
[White "Peptan,C"]
[Black "Hunt,H"]
[Result "1-0"]
[WhiteElo "2480"]
[BlackElo "2415"]

1.e4 c5 2.Nf3 d6 3.Bb5+ Nd7 4.O-O Nf6 5.Re1 a6 6.Bf1 b6 7.d4 cxd4 8.Nxd4 Bb7
9.Nc3 e6 10.g4 h6 11.Bg2 g5 12.h3 Ne5 13.Qe2 Qc7 14.f4 gxf4 15.Bxf4 Nfd7
16.Rad1 Be7 17.Rf1 O-O-O 18.Nf3 Rdg8 19.Nxe5 Nxe5 20.Kh1 Bg5 21.Bg3 Rh7 22.Rd4 h5
23.Bxe5 dxe5 24.Rc4 Bc6 25.Nd5 exd5 26.exd5 Rh6 27.Rxc6 Rxc6 28.Qxa6+ Kb8
29.dxc6 hxg4 30.Rxf7 Be7 31.Rxe7 Qxe7 32.Qxb6+ Kc8 33.Qa6+ Kc7 34.Qb7+ Kd6
35.Qb4+  1-0

[Event "TCh-BIH"]
[Site "Neum BIH"]
[Date "2002.06.05"]
[Round "6"]
[White "Ristic,Nen"]
[Black "Feletar,D"]
[Result "1-0"]
[WhiteElo "2464"]
[BlackElo "2435"]

1.e4 c5 2.Nf3 d6 3.Bb5+ Nd7 4.d4 Nf6 5.O-O Nxe4 6.Re1 Nf6 7.dxc5 dxc5 8.Bg5 e6
9.Bxf6 gxf6 10.Nh4 h5 11.Nc3 a6 12.Bf1 Ne5 13.Qe2 Be7 14.Rad1 Qb6 15.Nf5 c4
16.Nxe7 Kxe7 17.Kh1 Kf8 18.Ne4 Qxb2 19.Rd8+ Kg7 20.Rxh8 Kxh8 21.Nxf6 Ng6
22.Qxh5+ Kg7 23.Ne8+ Kf8 24.Rd1 b5 25.Nc7 Rb8 26.Rd8+ Kg7 27.Ne8+ Kf8 28.Qc5+ Ne7
29.Nc7+ Kg7 30.Qxe7  1-0

[Event "3rd EIWCh"]
[Site "Varna BUL"]
[Date "2002.06.05"]
[Round "9"]
[White "Zimina,O"]
[Black "Calotescu,C"]
[Result "1/2-1/2"]
[WhiteElo "2360"]
[BlackElo "2299"]

1.e4 c5 2.Nf3 d6 3.Bb5+ Nd7 4.d4 Nf6 5.Nc3 cxd4 6.Qxd4 e5 7.Qd3 h6 8.Be3 Be7
9.Bc4 a6 10.a4 Qc7 11.O-O Nc5 12.Bxc5 Qxc5 13.Nd5 Nxd5 14.Bxd5 O-O 15.Ra3 Rb8
16.Rc3 Qa5 17.Qc4 b5 18.Qc7 Qxc7 19.Rxc7 Bd8 20.Rc6 Be7 21.Rd1 Bg4 22.Rd3 Rfc8
23.Rdc3 b4 24.R3c4 Rxc6 25.Rxc6 Rc8 26.Rxc8+ Bxc8 27.Kf1 Kf8 28.Ke1 f5 29.Nd2 fxe4
30.Nxe4 Bf5 31.f3 Bxe4 32.fxe4 Bg5 33.Ke2 Bc1 34.c3 bxc3 35.bxc3 Ke7 36.Kd3 Ba3  1/2-1/2

[Event "TCh-BIH"]
[Site "Neum BIH"]
[Date "2002.06.08"]
[Round "9"]
[White "Miljanic,B"]
[Black "Palac,M"]
[Result "1/2-1/2"]
[WhiteElo "2431"]
[BlackElo "2574"]

1.e4 c5 2.Nf3 d6 3.Bb5+ Bd7 4.Bxd7+ Nxd7 5.O-O Ngf6 6.Qe2 e6 7.d4 cxd4 8.Nxd4 a6
9.c4 Be7 10.Nc3 O-O  1/2-1/2

[Event "Panam U20"]
[Site "La Paz BOL"]
[Date "2002.06.11"]
[Round "6"]
[White "Prasca,R"]
[Black "Nakamura,H"]
[Result "1-0"]
[WhiteElo "2352"]
[BlackElo "2466"]

1.e4 c5 2.Nf3 d6 3.Bb5+ Nd7 4.d4 cxd4 5.Qxd4 Qc7 6.Nc3 e6 7.O-O Ne7 8.Bxd7+ Bxd7
9.Rd1 Ng6 10.Be3 a6 11.a4 Rc8 12.a5 Ne5 13.Nxe5 dxe5 14.Qd3 Bc6 15.Bb6 Qe7
16.Rab1 Qb4 17.Qh3 Bd6 18.Qe3 Be7 19.f3 O-O 20.Kh1 Bb5 21.Nxb5 Qxb5 22.c3 Bc5
23.Bxc5 Rxc5 24.b4 Rc7 25.h3 Rfc8 26.Rd3 h6 27.Rbd1 Kh7 28.Qd2 Rc4 29.Rd7 R8c7
30.Qd6 Qa4 31.Rxc7 Rxc7 32.Qxc7 Qxd1+ 33.Kh2 Qd2 34.Qxf7 Qxc3 35.Qxb7 Qd2
36.Qb6 Qf4+ 37.Kh1 Qc1+ 38.Qg1 Qb2 39.Qc5 h5 40.Kh2 h4 41.Qd6 Qb3 42.Qxa6 Qxb4
43.Qb6 Qe1 44.a6 Qg3+ 45.Kh1 Qe1+ 46.Qg1 Qa5 47.a7 g5 48.Kh2 Kg6 49.Qf2 Kh6
50.Qe3 Kh5 51.Qg1 Kh6 52.Qf2 Kg6 53.Qe3 Kh5 54.Qb3 Qxa7 55.Qxe6 Qc5 56.Qf7+ Kh6
57.Qf6+ Kh5 58.Qg7 Qd6 59.g4+ hxg3+ 60.Kxg3 Qb6 61.Qh7+ Qh6 62.Qf7+ Qg6 63.Qxg6+ Kxg6  1-0

[Event "Open"]
[Site "Lido Estensi ITA"]
[Date "2002.06.11"]
[Round "4"]
[White "Glek,I"]
[Black "Berni,G"]
[Result "1-0"]
[WhiteElo "2605"]
[BlackElo "2198"]

1.e4 c5 2.Nf3 d6 3.Bb5+ Bd7 4.Bxd7+ Nxd7 5.O-O Ngf6 6.Qe2 e6 7.d3 Be7 8.Ng5 O-O
9.f4 Ne8 10.Nf3 d5 11.c4 dxc4 12.dxc4 Nb8 13.Rd1 Qb6 14.Nc3 Nc6 15.Be3 Nf6
16.h3 Rfd8 17.e5 Ne8 18.Ne4 Nd4 19.Nxd4 cxd4 20.Bf2 Rac8 21.b3 Rd7 22.Rd3 f5
23.exf6 Nxf6 24.Ng5 Rc6 25.Nf3 Bc5 26.Ne5 Rd8 27.Nxc6 Qxc6 28.Re1  1-0

[Event "WCN Ch-North America"]
[Site "Richmond CAN"]
[Date "2002.06.11"]
[Round "2"]
[White "Christiansen,L"]
[Black "Charbonneau,P"]
[Result "0-1"]
[WhiteElo "2578"]
[BlackElo "2405"]

1.e4 c5 2.Nf3 d6 3.Bb5+ Nd7 4.d4 Nf6 5.O-O cxd4 6.Qxd4 e5 7.Qd3 h6 8.c4 Be7
9.Nc3 O-O 10.Bxd7 Bxd7 11.a4 Bc6 12.Re1 a5 13.b3 Qb6 14.h3 Nd7 15.Be3 Nc5
16.Bxc5 Qxc5 17.Rad1 g6 18.Nd5 Bd8 19.Re3 Kg7 20.Qc3 Kh7 21.Qc2 b5 22.axb5 Bxb5
23.Nf6+ Bxf6 24.Rd5 Qc6 25.Rxb5 Rfc8 26.Rc3 Bd8 27.h4 Bb6 28.g3 Bd4 29.Rd5 Bxc3
30.Qxc3 a4 31.bxa4 Qxc4 32.Qxc4 Rxc4 33.Rxd6 Ra5 34.h5 g5 35.Rd7 Kg7 36.Nh2 Rxe4
37.Nf1 Rexa4 38.Ne3 Ra7 39.Rd8 R7a6 40.Re8 Re6 41.Rd8 e4 42.Rd5 Rf6 43.Nf5+ Kh7
44.g4 e3 45.Nxe3 Rff4 46.Rd7 Ra1+ 47.Kg2 Ra2 48.Nd5 Raxf2+ 49.Kg1 Rf1+ 50.Kg2 R4f2+
51.Kg3 Rf3+ 52.Kg2 R1f2+ 53.Kg1 Rb2  0-1

[Event "EuTCh U18"]
[Site "Balatonlelle HUN"]
[Date "2002.06.14"]
[Round "3"]
[White "Savic,Ma"]
[Black "Motoc,A"]
[Result "0-1"]
[WhiteElo "2181"]
[BlackElo "2222"]

1.e4 c5 2.Nf3 d6 3.Bb5+ Bd7 4.Bxd7+ Qxd7 5.O-O Nf6 6.Re1 Nc6 7.c3 g6 8.d4 cxd4
9.cxd4 d5 10.e5 Ne4 11.Nbd2 Nxd2 12.Bxd2 Bg7 13.Bf4 Nd8 14.Qd2 O-O 15.Rac1 Ne6
16.Bh6 Rac8 17.Bxg7 Kxg7 18.h3 Qa4 19.b3 Qa3 20.Rc2 Rxc2 21.Qxc2 Qb4 22.Rd1 a5
23.Kh2 Ra8 24.Rd3 Ra6 25.Qd2 Qb5 26.Rc3 h6 27.g3 a4 28.Kg2 axb3 29.Rxb3 Qc4
30.Qb2 Ra4 31.a3 Nxd4 32.Nxd4 Qxd4 33.Qxd4 Rxd4 34.Rxb7 e6 35.Ra7 g5 36.a4 Re4
37.a5 Rxe5 38.a6 Re2 39.Ra8 Ra2 40.a7 Kf6 41.Kf3 Kf5 42.Ke3 Ra4 43.f3 Ke5
44.Kd3 Ra3+ 45.Ke2 Kd4 46.f4 gxf4 47.gxf4 Ke4 48.Kd2 d4 49.Kc2 e5 50.Kb2 Ra6  0-1

[Event "3rd IECC"]
[Site "Batumi GEO"]
[Date "2002.06.14"]
[Round "3"]
[White "Velicka,P"]
[Black "Kamadadze,Z"]
[Result "1-0"]
[WhiteElo "2437"]
[BlackElo "2225"]

1.e4 c5 2.Nf3 d6 3.Bb5+ Nd7 4.d4 cxd4 5.Qxd4 a6 6.Bxd7+ Bxd7 7.O-O Nf6 8.Bg5 e6
9.Bxf6 gxf6 10.c4 Be7 11.Nc3 Rc8 12.b3 Qa5 13.Rac1 h5 14.g3 Qc5 15.Qd3 h4
16.Nxh4 Qg5 17.Ng2 Qh5 18.h4 Bc6 19.Rfe1 Kf8 20.Qe3 Qc5 21.Qxc5 dxc5 22.a4 Rd8
23.Red1 Rd4 24.Nf4 Kg7 25.Nfe2 Rhd8 26.Nxd4 cxd4 27.Nd5 exd5 28.cxd5 Bd7
29.Rxd4 Bd6 30.f4 b5 31.a5 b4 32.Rdc4 Re8 33.Kg2 Bb5 34.Rc6 Bf8 35.Kf3 Bd3
36.R1c4 Bxc4 37.Rxc4 Rb8 38.Rc6 Rb5 39.Rxa6 Rc5 40.d6 Rc3+ 41.Ke2 Rxb3 42.d7 Be7
43.Ra8 Rb2+ 44.Kd3 Rb3+ 45.Kc2 Rc3+ 46.Kd2 Rc7 47.d8=Q Bxd8 48.Rxd8 Rc3 49.Rb8 Rxg3
50.Rxb4 Ra3 51.Rb5 Kg6 52.Kc2 Kh6 53.Kb2 Ra4 54.Kb3 Ra1 55.Kb4 Re1 56.a6 Rxe4+
57.Ka5 Re7  1-0

[Event "Panam U20"]
[Site "La Paz BOL"]
[Date "2002.06.14"]
[Round "9"]
[White "Prasca,R"]
[Black "Ramirez,Al"]
[Result "1/2-1/2"]
[WhiteElo "2352"]
[BlackElo "2288"]

1.e4 c5 2.Nf3 d6 3.Bb5+ Bd7 4.Bxd7+ Qxd7 5.O-O Nc6 6.c3 Nf6 7.d4 Nxe4 8.d5 Ne5
9.Re1 Nxf3+ 10.Qxf3 Nf6 11.h3 e5 12.dxe6 fxe6 13.c4 Be7 14.Nc3 O-O 15.Qe2 d5
16.cxd5 exd5 17.Bg5 Rae8 18.Qd3 d4 19.Qc4+ Kh8 20.Bxf6 Bxf6 21.Ne4 b6 22.Rad1 Qc6
23.f3 Bh4 24.Rf1 Qe6 25.Qa6 Qd7 26.a3 Bd8 27.b4 cxb4 28.axb4 Bc7 29.Rfe1 Re6
30.Qd3 Rg6 31.Kh1 Be5 32.Re2 Qf5 33.Qd2 Qd7 34.Qd3 Qd8 35.Nd2 Bb8 36.Nc4 Qc7
37.Ne5 Re6 38.Rde1 Qd6 39.Re4 Rxe5 40.Rxe5 Qxe5 41.Rxe5 Bxe5 42.g4 Rd8 43.Kg2 a5
44.bxa5 bxa5 45.Qb5 d3 46.Qxa5 Bf6 47.Qd2 h6 48.h4 Bc3 49.Qd1 d2 50.g5 Re8  1/2-1/2

[Event "3rd IECC"]
[Site "Batumi GEO"]
[Date "2002.06.15"]
[Round "4"]
[White "Kallio,H"]
[Black "Olcayoz,A"]
[Result "1-0"]
[WhiteElo "2502"]
[BlackElo "2294"]

1.e4 c5 2.Nf3 d6 3.Bb5+ Bd7 4.a4 Nc6 5.O-O Nf6 6.Nc3 e6 7.d4 cxd4 8.Nxd4 Be7
9.Bg5 O-O 10.Nf3 a6 11.Bd3 Rc8 12.Re1 Ne5 13.a5 Rc5 14.Nxe5 dxe5 15.Qd2 Nh5
16.Be3 Rxa5 17.Rxa5 Qxa5 18.Nd5 Qd8 19.Bb6 Re8 20.Nxe7+ Qxe7 21.Qa5 Qg5 22.Bf1 Rc8
23.c4 Nf4 24.g3 Ng6 25.b4 Qd2 26.b5 Qxa5 27.Bxa5 axb5 28.cxb5 Kf8 29.Ra1 f5
30.f3 Kf7 31.Bb4 Rc2 32.exf5 exf5 33.Bd3 Rb2 34.Bc3 Rxb5 35.Bc4+ Ke7 36.Bxb5 Bxb5
37.Ra8 Bc6 38.Kf2 Ke6 39.Rg8 Kf7 40.Rc8 Ne7 41.Rh8 h6 42.Ra8 Ke6 43.Bb2 Bd5
44.h4 h5 45.f4 exf4 46.gxf4 Kf7 47.Rd8 Bc6 48.Kg3 Nd5 49.Rh8 Kg6 50.Rg8 Nf6
51.Bxf6 Kxf6 52.Kf2 Bd5 53.Re8 Kf7 54.Re5 Be4 55.Ke3 Kf6 56.Kd4 Bf3 57.Kc5 g5
58.hxg5+ Kg6 59.Re6+ Kg7 60.Rh6 Bg4 61.Kd4 b5 62.Ke3 Bd1 63.Rb6 h4 64.Kf2 b4
65.Rxb4 Kg6 66.Rd4 Bb3 67.Rd6+ Kg7  1-0

[Event "3rd IECC"]
[Site "Batumi GEO"]
[Date "2002.06.17"]
[Round "6"]
[White "Minasian,Ara"]
[Black "Aronian,L"]
[Result "1/2-1/2"]
[WhiteElo "2473"]
[BlackElo "2571"]

1.e4 c5 2.Nf3 d6 3.Bb5+ Nc6 4.O-O Bd7 5.Re1 Nf6 6.c3 a6 7.Ba4 c4 8.d4 cxd3
9.Bg5 b5 10.Bb3 Ne5 11.Nxe5 dxe5 12.Qxd3 e6 13.Nd2 h6 14.Bh4 Bc6 15.Qxd8+ Rxd8
16.Nf3 Bd6 17.a4 Rc8 18.axb5 axb5 19.Bg3 Nd7 20.Nd4 Ke7 21.Nxc6+ Rxc6 22.Ra7 Bc5
23.Rb7 Rb6 24.Rxb6 Bxb6 25.Bc2 h5 26.h4 Ra8 27.Bd3 Ra2 28.b4 Nf6 29.Bxb5 Rc2
30.Be2 Nxe4 31.Bd3 Rxc3 32.Bxe4 Rxg3 33.Bf3 Rg6 34.Rxe5 Rf6 35.Rxh5 Rf5 36.Rxf5 exf5
37.h5 Kf6 38.Bd5 g6 39.h6 g5 40.Kf1 Kg6 41.h7 Kxh7 42.Bxf7 Kg7 43.Be6  1/2-1/2

[Event "6th Open"]
[Site "Voronezh RUS"]
[Date "2002.06.17"]
[Round "5"]
[White "Kornev,Alexe"]
[Black "Amonatov,F"]
[Result "1-0"]
[WhiteElo "2552"]
[BlackElo "2453"]

1.e4 c5 2.Nf3 d6 3.Bb5+ Nd7 4.d4 Nf6 5.Nc3 cxd4 6.Qxd4 e5 7.Qd3 h6 8.Be3 Be7
9.O-O a6 10.Bc4 b5 11.Bd5 Rb8 12.Ba7 Nxd5 13.Nxd5 Rb7 14.Be3 Nf6 15.Nxf6+ Bxf6
16.Rfd1 O-O 17.Nd2 Be6 18.Nb1 d5 19.exd5 Rd7 20.Nc3 b4 21.Ne4 Rxd5 22.Qe2 Be7
23.Bc5 f5 24.Rxd5 Bxd5 25.Rd1 Bxc5 26.Nxc5 Qa8 27.Nd7 Rd8 28.Nb6 Qc6 29.Qxe5 Qxb6
30.Rxd5 Rc8 31.Rd7 Qf6 32.Qxf6 gxf6 33.Rd2 Kf7 34.Kf1 Ke6 35.Ke2 Ke5 36.Kd3 Kf4
37.c4 bxc3 38.bxc3 Rg8 39.g3+ Ke5 40.Re2+ Kd6 41.Rb2 Rd8 42.Rb4 Kc5+ 43.Rd4 Rb8
44.Rc4+ Kd5 45.Ra4 Rb6 46.Rb4 Re6 47.Ra4 Rb6 48.Ra5+ Ke6 49.c4 Rd6+ 50.Kc3 Rc6
51.Rd5 Rc8 52.Rd2 Rb8 53.c5 Rb1 54.Rd6+ Ke7 55.Rd2 h5 56.Kc4 Rc1+ 57.Kd4 Ke6
58.Re2+ Kd7 59.Rb2 Ra1 60.Ke3 a5 61.Kf4 Kc6 62.Rc2 a4 63.Kxf5 a3 64.Kxf6 Rb1
65.Rc3 Rb2 66.Rxa3 Rxf2+ 67.Ke5 Rxh2 68.Kd4 Rd2+ 69.Ke4 Rh2 70.Ra5 h4 71.g4 h3
72.Kf3 Rh1 73.Kg3 h2 74.Ra4 Kb5 75.Rf4 Kxc5 76.Kg2 Ra1 77.Kxh2 Rxa2+ 78.Kg3 Kd5
79.Kh4 Ke5 80.Rf1 Ra8 81.g5 Rd8 82.Kg4 Ke6 83.g6 Ke7 84.Kg5 Rd2 85.g7 Rg2+
86.Kh6 Rh2+ 87.Kg6 Rg2+ 88.Kh7 Rh2+ 89.Kg8  1-0

[Event "6th Open"]
[Site "Voronezh RUS"]
[Date "2002.06.17"]
[Round "5"]
[White "Alavkin,A"]
[Black "Bragin,A1"]
[Result "1-0"]
[WhiteElo "2484"]
[BlackElo "2372"]

1.e4 c5 2.Nf3 d6 3.Bb5+ Nd7 4.d4 Nf6 5.Nc3 cxd4 6.Qxd4 e5 7.Qd3 h6 8.Be3 Be7
9.Bc4 a6 10.a4 O-O 11.Nh4 d5 12.exd5 e4 13.Qd2 Ne5 14.Be2 Nfg4 15.g3 Bxh4
16.gxh4 Qxh4 17.O-O-O Nxe3 18.Qxe3 f5 19.Rhg1 Bd7 20.Rg3 Rf7 21.Qd4 Re8 22.Kb1 f4
23.Rgg1 Bf5 24.d6 Nc6 25.Qc5 Re5 26.Rd5 Rxd5 27.Qxd5 Qxf2 28.Rf1 Qd4 29.Bc4 Qxd5
30.Nxd5 Bh3 31.Rxf4  1-0

[Event "6th Open"]
[Site "Voronezh RUS"]
[Date "2002.06.20"]
[Round "8"]
[White "Okrugin,S"]
[Black "Amonatov,F"]
[Result "0-1"]
[WhiteElo "2373"]
[BlackElo "2453"]

1.e4 c5 2.Nf3 d6 3.Bb5+ Nd7 4.d4 Nf6 5.Nc3 cxd4 6.Qxd4 e5 7.Qd3 h6 8.Be3 Be7
9.O-O a6 10.Bc4 b5 11.Bd5 Rb8 12.Ba7 Nxd5 13.Nxd5 Rb7 14.Be3 Nf6 15.Nxf6+ Bxf6
16.Nd2 Be6 17.Rfd1 O-O 18.Nb1 d5 19.exd5 e4 20.Qb3 Bg4 21.Rd2 Be5 22.Bd4 Bf4
23.Be3 Bd6 24.h3 Bc8 25.Nc3 Qh4 26.Ne2 g5 27.c4 bxc4 28.Qxc4 Rc7 29.g3 Qh5
30.Qxe4 Bxh3 31.Nd4 Re7 32.Qf3 Bg4 33.Qh1 Qg6 34.Nc6 Ree8 35.Rd4 f5 36.Qg2 Kh7
37.Rxg4 fxg4 38.Nd4 Qd3 39.Ne6 Rf3 40.Re1 Qxd5 41.Nd4 Qxd4 42.Bxd4 Rxe1+
43.Kh2 h5 44.b4 h4  0-1

[Event "3rd IECC"]
[Site "Batumi GEO"]
[Date "2002.06.21"]
[Round "9"]
[White "Karadeniz,E"]
[Black "Kempinski,R"]
[Result "0-1"]
[WhiteElo "2307"]
[BlackElo "2570"]

1.e4 c5 2.Nf3 d6 3.Bb5+ Nd7 4.d4 Nf6 5.Nc3 a6 6.Bxd7+ Nxd7 7.O-O cxd4 8.Qxd4 Qb6
9.Be3 Qxd4 10.Bxd4 e6 11.Rfd1 f6 12.Nd2 Be7 13.a4 Bd8 14.Nc4 Bc7 15.a5 Ke7
16.f4 Rd8 17.f5 Ne5 18.Ne3 Kf7 19.fxe6+ Bxe6 20.Ncd5 Rd7 21.Ra3 Re8 22.Bb6 Bxd5
23.Nxd5 Bxb6+ 24.Nxb6 Rc7 25.c4 Re6 26.b3 Nd7 27.Nxd7 Rxd7 28.Rd4 Rde7 29.Ra2 Rxe4
30.Rxd6 Re3 31.Rb6 Kg6 32.Kf2 R3e5 33.h3 h5 34.g3 Kg5 35.b4 h4 36.b5 hxg3+
37.Kxg3 Re3+ 38.Kg2 Kh4 39.bxa6 bxa6 40.Rxa6 R7e4 41.Rc6 Rxh3 42.Rf2 Ra3
43.a6 Rg4+ 44.Kf1 Kh3 45.Rd2 Ra1+ 46.Ke2 Rg2+  0-1

[Event "13th Open"]
[Site "Ljubljana SLO"]
[Date "2002.06.23"]
[Round "2"]
[White "Pavasovic,D"]
[Black "Alfred,N"]
[Result "1-0"]
[WhiteElo "2567"]
[BlackElo "2246"]

1.e4 c5 2.Nf3 d6 3.Bb5+ Nd7 4.d4 cxd4 5.Qxd4 a6 6.Bxd7+ Bxd7 7.Nc3 Nf6 8.Bg5 h6
9.Bxf6 gxf6 10.O-O-O Rg8 11.g3 Bg7 12.Qd3 Qa5 13.Nd4 f5 14.exf5 Bxd4 15.Qxd4 Qxf5
16.Rhe1 Be6 17.Qb6 Rc8 18.Qxb7  1-0

[Event "3rd IECC"]
[Site "Batumi GEO"]
[Date "2002.06.24"]
[Round "12"]
[White "Kallio,H"]
[Black "Popov,Val"]
[Result "0-1"]
[WhiteElo "2502"]
[BlackElo "2575"]

1.e4 c5 2.Nf3 d6 3.Bb5+ Nd7 4.d4 Nf6 5.Nc3 a6 6.Bxd7+ Nxd7 7.O-O e6 8.Bg5 Qc7
9.d5 e5 10.a4 h6 11.Bh4 b6 12.Nd2 g6 13.Nc4 Bg7 14.Qd2 Rb8 15.f4 b5 16.axb5 axb5
17.Nxe5 b4 18.Nc6 bxc3 19.bxc3 O-O 20.Be7 Bb7 21.Nxb8 Rxb8 22.f5 gxf5 23.Rxf5 Re8
24.Bh4 Rxe4 25.Bg3 c4 26.Raf1 Ne5 27.Bxe5 Rxe5 28.Rxe5 Bxe5 29.Qxh6 Qc5+
30.Kh1 Qxd5 31.Qg5+ Bg7 32.Qxd5 Bxd5 33.Rd1 Be4 34.Rxd6 Bxc2 35.Rd8+ Kh7
36.Rd7 Kg6 37.Rd6+ Kf5 38.h4 Bxc3 39.Rc6 Bd3 40.h5 Bd4 41.h6 c3 42.Rd6 c2  0-1

[Event "ISYG-M14"]
[Site "Moscow RUS"]
[Date "2002.06.24"]
[Round "7"]
[White "Papin,V"]
[Black "Mamedov,Rau"]
[Result "1-0"]
[WhiteElo "2201"]
[BlackElo "2358"]

1.e4 c5 2.Nf3 d6 3.Bb5+ Bd7 4.Bxd7+ Qxd7 5.O-O Nc6 6.c3 g6 7.d4 cxd4 8.cxd4 Bg7
9.Nc3 Nf6 10.d5 Nb8 11.e5 dxe5 12.Nxe5 Qd8 13.Qb3 Nbd7 14.Nc4 b6 15.Be3 O-O
16.Rad1 Ng4 17.Bd4 Nc5 18.Qc2 Bxd4 19.Rxd4 Nh6 20.Rh4 Nf5 21.Rh3 e6 22.Rd1 Qf6
23.b4 Na6 24.Ne4 Qg7 25.dxe6 fxe6 26.Ng5 Qe7 27.Nxh7 Rf7 28.Ne5 Rxh7 29.Rxh7 Qxh7
30.Qc6 Nc7 31.Rd7 Qh5 32.Qxc7 Qe2 33.Rd8+ Rxd8 34.Qf7+  1-0

[Event "3rd IECC"]
[Site "Batumi GEO"]
[Date "2002.06.26"]
[Round "13"]
[White "Olcayoz,A"]
[Black "Bayram,Y"]
[Result "1/2-1/2"]
[WhiteElo "2294"]
[BlackElo "2312"]

1.e4 c5 2.Nf3 d6 3.Bb5+ Bd7 4.Bxd7+ Qxd7 5.O-O Nc6 6.b3 Nf6 7.Re1 g6 8.Bb2 Bg7
9.c4 O-O 10.d4 Nh5 11.Qd2 cxd4  1/2-1/2

[Event "IV Shakkinet A"]
[Site "Helsinki FIN"]
[Date "2002.06.27"]
[Round "4"]
[White "Tiitta,S"]
[Black "Maki Uuro,Mi"]
[Result "0-1"]
[WhiteElo "2249"]
[BlackElo "2335"]

1.e4 c5 2.Nf3 d6 3.Bb5+ Bd7 4.Bxd7+ Qxd7 5.O-O Nf6 6.Qe2 e6 7.b3 Be7 8.Bb2 O-O
9.d4 cxd4 10.Nxd4 Nc6 11.Rd1 Nxd4 12.Rxd4 Qc6 13.Rc4 Qa6 14.e5 dxe5 15.Qxe5 Qd6
16.Qxd6 Bxd6 17.Bxf6 gxf6 18.Nd2 b5 19.Rg4+ Kh8 20.c4 f5 21.Rh4 Be7 22.Rh3 Rfd8
23.Nf1 bxc4 24.bxc4 Rac8 25.Rc1 Bg5 26.Rc2 Rd1 27.c5 Rc6 28.Rb3 Be7 29.Rb7 Rxc5
30.Rxc5 Bxc5 31.Rxf7 Ra1 32.Rc7 Rc1 33.Rd7 e5 34.g3 Bd4 35.Rf7 Ra1 36.Rxf5 Rxa2
37.Ne3 a5 38.Ng4 a4 39.Nxe5 Rxf2 40.Nf7+ Kg7 41.Rd5 Rd2+ 42.Kf1 Kxf7 43.Ke1 Bc3
44.Rxd2 a3  0-1

[Event "IV Shakkinet B"]
[Site "Helsinki FIN"]
[Date "2002.06.28"]
[Round "5"]
[White "Skrjabin,I"]
[Black "Mavrichev,J"]
[Result "1/2-1/2"]
[WhiteElo "2114"]
[BlackElo "2115"]

1.e4 c5 2.Nf3 d6 3.Bb5+ Bd7 4.Bxd7+ Qxd7 5.O-O Nc6 6.Nc3 Nf6 7.Re1 e5 8.d3 g6
9.Bg5 Bg7 10.Qd2 h6 11.Bxf6 Bxf6 12.Nd5 Bg7  1/2-1/2

[Event "Open"]
[Site "Velika Gorica CRO"]
[Date "2002.06.28"]
[Round "7"]
[White "Kosanski,S"]
[Black "Fercec,N"]
[Result "1/2-1/2"]
[WhiteElo "2379"]
[BlackElo "2466"]

1.e4 c5 2.Nf3 d6 3.Bb5+ Nc6 4.O-O Bd7 5.c4 g6 6.Bxc6 Bxc6 7.Nc3 Nf6 8.Re1 Bg7
9.a3 O-O 10.Rb1 Ng4 11.d4 cxd4 12.Nxd4 Qb6 13.Qxg4 Qxd4 14.Qe2 Qb6 15.Bd2 Qb3
16.Rec1 Rac8 17.f3 e6 18.Be3 a6 19.Qd1 Ba4 20.Qxd6 Rxc4 21.Qb6 Qxb6 22.Bxb6 Rfc8
23.Be3 Bb3 24.Re1 b5 25.Re2 Rd8 26.Rd2 Rxd2 27.Bxd2 Bd4+ 28.Kf1 Bc2 29.Rc1 Bd3+
30.Ke1 f5 31.exf5 gxf5 32.Nd1 Rxc1 33.Bxc1 Bc2 34.Be3 Bf6 35.Nc3 Kf7 36.f4 Bb3
37.g3 Ke7 38.Kd2 Kd6 39.Ba7 Kc6 40.Ke3 a5 41.Bd4 Be7 42.Ba7 b4 43.axb4 axb4
44.Ne2 Bd1 45.Nc1 Kd5 46.Bd4 Bc2 47.Ne2 Bd1 48.Nc1  1/2-1/2

[Event "1st Open"]
[Site "La Fere FRA"]
[Date "2002.06.30"]
[Round "1"]
[White "Petitpas,F"]
[Black "Moldovan,D"]
[Result "0-1"]
[WhiteElo "2068"]
[BlackElo "2462"]

1.e4 c5 2.Nf3 d6 3.Bb5+ Nd7 4.c4 Nf6 5.Nc3 g6 6.O-O Bg7 7.d3 O-O 8.Bxd7 Bxd7
9.a3 a6 10.d4 cxd4 11.Nxd4 Rc8 12.Qd3 Qc7 13.b3 b5 14.Nd5 bxc4 15.Nxe7+ Kh8
16.bxc4 Qxc4 17.Qxc4 Rxc4 18.Bb2 Re8 19.Rac1 Rxc1 20.Rxc1 Rxe7 21.Rc7 Rxe4  0-1

[Event "13th Open"]
[Site "Ljubljana SLO"]
[Date "2002.06.30"]
[Round "9"]
[White "Barle,J"]
[Black "Podkriznik,G"]
[Result "1/2-1/2"]
[WhiteElo "2356"]
[BlackElo "2299"]

1.e4 c5 2.Nf3 d6 3.Bb5+ Nd7 4.O-O Nf6 5.Re1 a6 6.Bf1 e5 7.c3 Be7 8.d4 O-O
9.Nbd2 Re8 10.a4 b6 11.Bc4 h6 12.dxe5 Nxe5 13.Nxe5 dxe5 14.Qb3 Rf8 15.Nf3 Qc7
16.Nh4  1/2-1/2